000 00289nam a2200121Ia 4500
008 191201s2014 xx 000 0 und d
100 _aJAIN, Vijay K
245 0 _aAdvanced Machining Process
260 _aN. delhi
_bAllied
_c2014
300 _a371
650 _aB.Tech(CE)
942 _2ddc
_cBK
999 _c6159
_d6159